000 00834nam a2200265Ia 4500
005 20210727152955.0
008 121119s1993 sp ao gr 000 0 spa
020 _a8432983101
041 _aspa
082 0 4 _a731.55
_bS24c
100 1 _aSchegger, Therésia M.
_eautora
245 1 0 _aCómo hacer móviles
_cSchegger, Therésia M
250 _aSexta edición
264 1 _aBarcelona
_bCeac
_c1993
300 _a48 páginas
_bfotografías e ilustraciones en blanco y negro
336 _atexto
_btxt
_2rdacontent
337 _asin mediación
_bn
_2rdamedia
338 _avolumen
_bnc
_2rdacarrier
490 _aColección cómo hacerlo
650 1 4 _2LEMB
_aJuguetes
_vManuales
650 1 4 _2LEMB
_aArtesanías
_xEnseñanza
650 1 4 _2LEMB
_aTrabajos manuales
_xEducación
942 _2ddc
_cBK
040 _aCO-BoRNBP
_bspa
_erda
_cCO-BoRNBP
999 _c189
_d189